header

Bone morphogenetic protein and collagen (Record no. 34749)

MARC details
000 -LEADER
fixed length control field 01346nam a2200325Ia 4500
245 00 - TITLE STATEMENT
Title Bone morphogenetic protein and collagen
260 ## - PUBLICATION, DISTRIBUTION, ETC. (IMPRINT)
Place of publication River Edge, NJ :
Name of publisher World Scientific,
Year of publication c2003.
300 ## - PHYSICAL DESCRIPTION
Number of Pages xix, 148 p. :
Other physical details ill.
490 1# - SERIES STATEMENT
Series statement Series in allografts in bone healing ;
500 ## - GENERAL NOTE
General note "An Advances in tissue banking specialist publication."
650 #0 - SUBJECT ADDED ENTRY--TOPICAL TERM
Topical Term Bone morphogenetic proteins.
Topical Term Collagen.
700 1# - ADDED ENTRY--PERSONAL NAME
Personal name Phillips, Glyn O.
856 40 - ELECTRONIC LOCATION AND ACCESS
Uniform Resource Identifier http://site.ebrary.com/lib/rucke/Doc?id=10255790

No items available.

© 2026 Rongo University
Contact us: librarian | system librarian | Rongo university